INDIAN PHARMACOPOEIA 2018 (VOL-II ) (Record no. 6020)

MARC details
000 -LEADER
fixed length control field 00499nam a22001697a 4500
005 - DATE AND TIME OF LATEST TRANSACTION
control field 20230118113343.0
008 - FIXED-LENGTH DATA ELEMENTS--GENERAL INFORMATION
fixed length control field 200208b xxu||||| |||| 00| 0 eng d
020 ## - INTERNATIONAL STANDARD BOOK NUMBER
ISBN 978-93-81238-15-8
041 ## - LANGUAGE CODE
Language code of text/sound track or separate title eng
110 ## - MAIN ENTRY--CORPORATE NAME
Corporate name or jurisdiction name as entry element GOVERNMENT OF INDIA MINISTRY OF HEALTH & FAMILY WELFARE
245 ## - TITLE STATEMENT
Title INDIAN PHARMACOPOEIA 2018 (VOL-II )
250 ## - EDITION STATEMENT
Edition statement ED.VIII
260 ## - PUBLICATION, DISTRIBUTION, ETC. (IMPRINT)
Place of publication GHAZIABAD
Name of publisher THE INDIAN PHARMACOPOEIA COMMISSION
Year of publication 2018
300 ## - PHYSICAL DESCRIPTION
Number of Pages 1067 to 2658 p;
650 ## - SUBJECT ADDED ENTRY--TOPICAL TERM
Topical Term pharmacy
General subdivision D.PHARMA
942 ## - ADDED ENTRY ELEMENTS (KOHA)
Koha item type Books
Holdings
Lost status Damaged status Collection code Home library Current library Shelving location Date acquired Source of acquisition Cost, normal purchase price Accession Number Koha item type
    Reference JRU Library JRU Library SHELF-5-C 08/02/2020 PURCHESE 52500.00 23614 Books